Fiscal administration: analysis and applications for the public sector. / (Record no. 7739)

MARC details
000 -LEADER
fixed length control field 01455nam a22002297a 4500
003 - CONTROL NUMBER IDENTIFIER
control field OSt
005 - DATE AND TIME OF LATEST TRANSACTION
control field 20210719150404.0
008 - FIXED-LENGTH DATA ELEMENTS--GENERAL INFORMATION
fixed length control field 120612t xxu||||| |||| 00| 0 eng d
020 ## - INTERNATIONAL STANDARD BOOK NUMBER
International Standard Book Number 9781133594840
020 ## - INTERNATIONAL STANDARD BOOK NUMBER
International Standard Book Number 1133594840
040 ## - CATALOGING SOURCE
Transcribing agency LC
050 ## - LIBRARY OF CONGRESS CALL NUMBER
Classification number HJ141.M58
100 ## - MAIN ENTRY--PERSONAL NAME
Personal name Mikesell, John L.
245 ## - TITLE STATEMENT
Title Fiscal administration: analysis and applications for the public sector. /
Statement of responsibility, etc. John L. Mikesell
250 ## - EDITION STATEMENT
Edition statement 9th ed.
260 ## - PUBLICATION, DISTRIBUTION, ETC.
Place of publication, distribution, etc. London:
Name of publisher, distributor, etc. Wadsworth,
Date of publication, distribution, etc. 2014.
300 ## - PHYSICAL DESCRIPTION
Extent xvii, 698 p.:
Other physical details ill.;
500 ## - GENERAL NOTE
General note Includes index.
505 ## - FORMATTED CONTENTS NOTE
Formatted contents note Contents: Introduction: Fundamental principles of public finance -- 1. Budgeting, budget structures and budget reform: The logic of the budget process -- Federal budget structures and institutions -- State and local budgets -- Budget methods and practices -- Budget classifications, systems and reforms -- Capital budgeting, time value of money, and cost-benefit analysis -- 2. Revenue sources, structure and administration: Taxation -- Major tax structures: income tax -- Major tax structures: taxes on goods and services -- Major tax structures: property taxes -- Revenue from user fees -- user charges, and sales by public monopolies -- Revenue forecasts, revenue estimates, and tax expenditure budgets -- Intergovernmental fiscal relations -- 3. Administering debt, working capital and pension funds: Debt administration -- .
653 ## - INDEX TERM--UNCONTROLLED
Uncontrolled term Finance, Public -- United States.
942 ## - ADDED ENTRY ELEMENTS (KOHA)
Source of classification or shelving scheme Library of Congress Classification
Koha item type Books
Holdings
Withdrawn status Lost status Source of classification or shelving scheme Damaged status Not for loan Home library Current library Shelving location Date acquired Total Checkouts Full call number Barcode Date last seen Copy number Price effective from Koha item type
    Library of Congress Classification     WISCONSIN INTERNATIONAL UNIVERSITY COLLEGE, GHANA KUMASI LIBRARY WISCONSIN INTERNATIONAL UNIVERSITY COLLEGE, GHANA KUMASI LIBRARY General Stacks 30/10/2019   HJ141.M58(9e) K/934/934/19 19/07/2021 1 19/07/2021 Books
    Library of Congress Classification     WISCONSIN INTERNATIONAL UNIVERSITY COLLEGE, GHANA KUMASI LIBRARY WISCONSIN INTERNATIONAL UNIVERSITY COLLEGE, GHANA KUMASI LIBRARY General Stacks 30/10/2019   HJ141.M581(9e) K/935/935/19 19/07/2021 2 19/07/2021 Books
    Library of Congress Classification     WISCONSIN INTERNATIONAL UNIVERSITY COLLEGE, GHANA KUMASI LIBRARY WISCONSIN INTERNATIONAL UNIVERSITY COLLEGE, GHANA KUMASI LIBRARY General Stacks 30/10/2019   HJ141.M582(9e) K/936/936/19 19/07/2021 3 19/07/2021 Books

If you have any concerns or questions; kindly contact the library


© Powered by WIUC ICT DIRECTORATE